02101nas a22002417a 4500999001700000005001700017007001200034008004100046022001400087040000900101082001400110245009200124260004100216300001600257310001500273365001600288500139500304650005801699651001401757655001801771856004201789942002801831 c40854d4085420200520100541.0cz aa aaaaa200428c f||poo|||| 00| 0 eng d a2664-9853 coclc a300bJOU/ aInternational Journal of Social Science and Education Researchhe-Journal (Open Access) bAcademic publicationsaDelhi, India  aPDF(online) aSemiannual eOpen Access aInternational Journal of Social Science and Education Research is an open access, peer-reviewed and refereed journal. Researches in the field of humanities, social science, Community and Consumer Sciences, Economics, Political Science, Geography, Philosophy, History, Humanity and Languages concerning with social science, Anthropological, Behavioral Sciences, Sociology, Journalism and Role of Media in social science. Educational Sciences: For School Students, Women, Village and Society, Commerce, Law and Management related with humanities and social science, anthropology, business studies, communication studies, corporate governance, criminology, cross cultural studies, demography, development studies, economics, education, ethics, geography, history, industrial relations, information science, international relations, law, health, linguistics, library science, media studies, methodology, philosophy, political science, population Studies, psychology, public administration, sociology, social welfare, linguistics, literature, paralegal, performing arts, religious studies, visual arts, women studies, economics, international relations, development studies, population studies, political science, history, library and information science, public administration, psychology, philosophy, sociology, women studies, religious studies, social welfare, anthropology, linguistics, etc. 0aSocial sciencesvSocial sciences928xSocial sciences 0915aIndia 0918ae-Journal uhttp://www.socialsciencejournals.net/ 2ddccEJh300k300mJOU/